000 00343nam a2200157Ia 4500
003 0STCL
008 150530s9999 xx 000 0 und d
040 _aSTCL
_cSTCL
100 _aSydney Chapman, J.
245 _aWork and wages part-2
260 _c1908
546 _aEnglish
942 _2ddc
_cBK
999 _c9221
_d9221
005 20220125165523.0